Kupní a směnná smlouva podle občanského zákoníku.

Občiansky zákonník ČR obsahuje všeobecné ustanovenia o kúpnej zmluve a výmennej zmluve, podľa ktorej si zmluvné strany vymieňajú vec za vec. Praktické rady a návody k príslušným predpisom, ako aj vzory jednotlivých zmlúv.

Uložené v:
Podrobná bibliografia
Hlavný autor: Pohl, Tomáš
Médium: Kapitola
Jazyk:Czech
Predmet:
Tagy: Pridať tag
Žiadne tagy, Buďte prvý, kto otaguje tento záznam!

MARC

LEADER 00000naa a2200000 4500
001 r013734
005 20221213081657.7
041 0 |a cze 
044 |a CZ 
245 1 0 |a Kupní a směnná smlouva podle občanského zákoníku.  |c Tomáš Pohl 
520 |a Občiansky zákonník ČR obsahuje všeobecné ustanovenia o kúpnej zmluve a výmennej zmluve, podľa ktorej si zmluvné strany vymieňajú vec za vec. Praktické rady a návody k príslušným predpisom, ako aj vzory jednotlivých zmlúv. 
610 2 0 |a zmluvy kúpne 
610 2 0 |a zmluvy obchodné 
610 2 0 |a zákonník občiansky 
610 2 0 |a Čechy 
100 1 |a Pohl, Tomáš